003100000a220007300045001000019000002450151000193000052001707730014002221 aNeira, Armando10aCafé, broca y coca : En Risaralda no todo es bonanza porque la broca devoró el café y muchos hombres se volvieron traficantes o guerrilleros aVol. 49, Num. 49 (Julio, 1994), Páginas 32-330 tCambio 16